Effectif Inter Milan 2025/2026 - Statistiques

Statistiques générales
  • Ce quiz a été pris 741 fois
    71 depuis la dernière actualisation
  • Le résultat moyen est 20 sur 25
Statistiques - réponses
Poste Numéro Pays Joueur % Correct
G 13 Espagne Josep Martínez
100%
ATT 10 Argentine Lautaro Martínez
100%
ATT 9 France Marcus Thuram
100%
G 1 Suisse Yann Sommer
100%
DEF 95 Italie Alessandro Bastoni
93%
MIL 20 Turquie Hakan Çalhanoğlu
93%
MIL 23 Italie Nicolò Barella
93%
ATT 14 Côte d'Ivoire Ange-Yoan Bonny
90%
DEF 2 Pays-Bas Denzel Dumfries
90%
DEF 32 Italie Federico Dimarco
90%
MIL 22 Arménie Henrick Mkhitaryan
90%
DEF 25 Suisse Manuel Akanji
90%
DEF 6 Pays-Bas Stefan de Vrij
90%
MIL 7 Pologne Piotr Zieliński
87%
DEF 15 Italie Francesco Acerbi
77%
MIL 11 Brésil Luis Henrique
77%
ATT 94 Italie Pio Esposito
73%
DEF 31 Allemagne Yann Aurel Bisseck
73%
COACH - Roumanie Cristian Chivu
67%
MIL 16 Italie Davide Frattesi
67%
MIL 17 France Andy Diouf
63%
DEF 30 Brésil Carlos Augusto
60%
DEF 36 Italie Matteo Darmian
53%
MIL 8 Croatie Petar Sučić
40%
G 12 Italie Raffaele Di Gennaro
23%
Aucun quiz correspondant
Distribution des résultats
% des personnes avec chaque résultat
Percentile par nombre de réponses
Votre historique - résultats
Vous n’avez pas pris ce quiz depuis la dernière actualisation